From Brahma to Christ; (Record no. 5004)
[ view plain ]
| 000 -LEADER | |
|---|---|
| fixed length control field | 01026cam a22002531 4500 |
| 001 - CONTROL NUMBER | |
| control field | 6526023 |
| 003 - CONTROL NUMBER IDENTIFIER | |
| control field | GBCCL |
| 005 - DATE AND TIME OF LATEST TRANSACTION | |
| control field | 20241126110531.0 |
| 008 - FIXED-LENGTH DATA ELEMENTS--GENERAL INFORMATION | |
| fixed length control field | 750326s1956 nyu 000 0ceng |
| 010 ## - | |
| -- | 56006455 |
| 035 ## - SYSTEM CONTROL NUMBER | |
| System control number | (OCoLC)1239179 |
| 040 ## - CATALOGING SOURCE | |
| Original cataloging agency | DLC |
| Transcribing agency | OTifH |
| Modifying agency | OCoLC |
| -- | DLC |
| 050 00 - | |
| -- | BV3269.T57 |
| -- | A38 1956a |
| 082 00 - DEWEY DECIMAL CLASSIFICATION NUMBER | |
| Classification number | 248.246092 |
| -- | B |
| Item number | TIL |
| 100 1# - MAIN ENTRY--PERSONAL NAME | |
| Personal name | Tilak, Lakshmibai Gokhale, |
| Dates associated with a name | 1873-1936. |
| 9 (RLIN) | 9032 |
| 245 10 - TITLE STATEMENT | |
| Title | From Brahma to Christ; |
| Remainder of title | the story of Narayan Waman Tilak and Lakshmibai his wife. |
| 260 ## - PUBLICATION, DISTRIBUTION, ETC. | |
| Place of publication, distribution, etc. | New York, |
| Name of publisher, distributor, etc. | Association Press |
| Date of publication, distribution, etc. | [1956] |
| 300 ## - PHYSICAL DESCRIPTION | |
| Extent | 93 p. |
| Dimensions | 20 cm. |
| 490 0# - SERIES STATEMENT | |
| Series statement | World Christian books |
| 500 ## - GENERAL NOTE | |
| General note | "The biographical material ... is drawn from [the author's] I follow after [a translation of Smrti citrēm] ... The translations of poems of Narayan Waman Tilak ... are reproduced ... from a collection published under the title Bhakti Niranjana." |
| 600 10 - SUBJECT ADDED ENTRY--PERSONAL NAME | |
| Personal name | Tilak, Narayan Vaman, |
| Dates associated with a name | 1862?-1919. |
| 9 (RLIN) | 9033 |
| 906 ## - LOCAL DATA ELEMENT F, LDF (RLIN) | |
| a | 7 |
| b | cbc |
| c | oclcrpl |
| d | u |
| e | ncip |
| f | 19 |
| g | y-gencatlg |
| 942 ## - ADDED ENTRY ELEMENTS (KOHA) | |
| Source of classification or shelving scheme | Dewey Decimal Classification |
| Koha item type | Books |
| Withdrawn status | Lost status | Source of classification or shelving scheme | Damaged status | Not for loan | Home library | Current Library | Shelving location | Date acquired | Total checkouts | Full call number | Barcode | Date last seen | Copy number | Price effective from | Koha item type |
|---|---|---|---|---|---|---|---|---|---|---|---|---|---|---|---|
| Dewey Decimal Classification | GRACE BIBLE COLLEGE | GRACE BIBLE COLLEGE | Ministry & Mission | 2018-02-19 | 248.246092 TIL | 000731 | 2025-05-01 | c.1 | 2018-02-19 | Books |